Design and analysis of experiments / (Record no. 8613)

MARC details
000 -LEADER
fixed length control field 01165cam a2200289 a 4500
001 - CONTROL NUMBER
control field 13881891
003 - CONTROL NUMBER IDENTIFIER
control field OSt
005 - DATE AND TIME OF LATEST TRANSACTION
control field 20240618122349.0
008 - FIXED-LENGTH DATA ELEMENTS--GENERAL INFORMATION
fixed length control field 050224s2005 njua f b 001 0 eng d
010 ## - LIBRARY OF CONGRESS CONTROL NUMBER
LC control number 2005295721
020 ## - INTERNATIONAL STANDARD BOOK NUMBER
International Standard Book Number 047148735X
020 ## - INTERNATIONAL STANDARD BOOK NUMBER
International Standard Book Number 0471661597
040 ## - CATALOGING SOURCE
Original cataloging agency MUST
Transcribing agency MUST
082 04 - DEWEY DECIMAL CLASSIFICATION NUMBER
Classification number 591.59 MOM 2005
Edition number 20
100 1# - MAIN ENTRY--PERSONAL NAME
Personal name Montgomery, Douglas C.
9 (RLIN) 2557
245 10 - TITLE STATEMENT
Title Design and analysis of experiments /
Statement of responsibility, etc. Douglas C. Montgomery.
250 ## - EDITION STATEMENT
Edition statement 6th ed.
260 ## - PUBLICATION, DISTRIBUTION, ETC. (IMPRINT)
Place of publication, distribution, etc. Hoboken:
Name of publisher, distributor, etc. John Wiley & Sons,
Date of publication, distribution, etc. 2005.
300 ## - PHYSICAL DESCRIPTION
Extent xv, 643 p. :
Other physical details ill. ;
Dimensions 26 cm.
504 ## - BIBLIOGRAPHY, ETC. NOTE
Bibliography, etc Includes bibliographical references (p. 595-601) and index.
650 #0 - SUBJECT ADDED ENTRY--TOPICAL TERM
Topical term or geographic name as entry element Experimental design.
9 (RLIN) 7425
856 42 - ELECTRONIC LOCATION AND ACCESS
Materials specified Contributor biographical information
Uniform Resource Identifier <a href="http://www.loc.gov/catdir/enhancements/fy0627/2005295721-b.html">http://www.loc.gov/catdir/enhancements/fy0627/2005295721-b.html</a>
856 42 - ELECTRONIC LOCATION AND ACCESS
Materials specified Publisher description
Uniform Resource Identifier <a href="http://www.loc.gov/catdir/enhancements/fy0627/2005295721-d.html">http://www.loc.gov/catdir/enhancements/fy0627/2005295721-d.html</a>
856 41 - ELECTRONIC LOCATION AND ACCESS
Materials specified Table of contents only
Uniform Resource Identifier <a href="http://www.loc.gov/catdir/enhancements/fy0627/2005295721-t.html">http://www.loc.gov/catdir/enhancements/fy0627/2005295721-t.html</a>
942 ## - ADDED ENTRY ELEMENTS (KOHA)
Source of classification or shelving scheme Dewey Decimal Classification
Koha item type Open Shelf
Holdings
Withdrawn status Lost status Source of classification or shelving scheme Damaged status Not for loan Home library Current library Date acquired Source of acquisition Inventory number Total Checkouts Full call number Barcode Date last seen Koha item type
    Dewey Decimal Classification     MUST Main Library MUST Main Library 18/06/2024 Purchase 05/24488   591.59 MOM 2005 2024-20785 18/06/2024 Open Shelf